000 01079nam a2200289 a 4500
999 _c129321
_d129321
001 1111035
003 ARRUPE
005 20190329115445.0
008 930201s1992 sz i001 0 eng
010 _a 93109755
020 _a9241544228 :
_c50.00F
040 _aDLC
_cDLC
050 0 0 _aRC455.2.C4
_bI35 1992
082 0 0 _a616.89/0012
_220
245 0 4 _aThe ICD-10 classification of mental and behavioural disorders :
_bclinical descriptions and diagnostic guidelines.
_cWorld Health Organization
260 _aGeneva :
_bWorld Health Organization,
_c1992.
300 _axii, 362 p. ;
_c24 cm.
500 _aIncludes index.
650 0 _aMental illness
_xClassification.
_945601
650 0 _aMental illness
_xDiagnosis.
_945602
710 2 _aWorld Health Organization.
_926360
740 0 _aICD-ten classification of mental and behavioural disorders.
740 0 _aICD-10.
906 _a7
_bcbc
_corignew
_d2
_encip
_f19
_gy-gencatlg
942 _2lcc
_cMONOGRAPH